000 00365 a2200169 4500
001 191594
020 _a978-85-06-05723-0
040 _cMagnum
100 _aSousa, Maurício de
240 1 0 _aO bicho comilão
_lpor
245 1 0 _aO bicho comilão
300 _a16
362 0 _a2009
440 1 _aMelhoramentos
697 _aLITERATURA INFANTIL
942 _cBK
999 _c191594
_d191594